101 Movie 'U' & 'V' Words Quiz Stats

 Plays Quiz Updated Oct 27, 2019

Score 0/101 Timer 11:00
0 Plays Today
% Correct
Vinci
86.5%
Ventura
86.1%
Vu
85.8%
Vietnam
85%
Usual
84.7%
Virginia
84.2%
Vengeance
84.1%
Unchained
84%
Vinny
82.7%
Vacation
82.2%
Up
82%
Ultimatum
82%
Vendetta
81.4%
Under
81.2%
Viva
81.1%
Unfortunate
80.3%
Until
80.2%
Vs.
79.9%
Vanilla
79.3%
Uncle
78.2%
View
77.9%
Upstairs
77.1%
Videotape
75.7%
Valley
75.5%
Vanity
75.2%
Ups
74.6%
Valentine
73.7%
Unexpected
73.1%
Volume
72.6%
Volcano
71.8%
Underdog
71.1%
University
71.1%
Virgin
71.1%
Vita
70.1%
% Correct
Values
69.9%
Ultron
68.9%
Valance
68.7%
Universe
68.4%
Village
68.2%
Vicky
67.5%
Uncut
67.4%
Villa
66.5%
Urban
63.6%
Violence
62.6%
Velocity
62.6%
Varsity
62%
Underpants
62%
Unbearable
59.5%
Velvet
58.9%
Van
57.2%
Unsinkable
57%
Underworld
55.5%
Universal
55.2%
Undiscovered
51.4%
Voltage
48.1%
Victor
45.4%
Unfaithfully
44.4%
Venice
43.8%
Ultimate
40.9%
Unleashed
39.7%
Uncommon
38.4%
United
37.9%
Vanishing
37.7%
Undercover
36.2%
Vampire
35.5%
Valerian
35.4%
Vote
35%
Vanishes
34.9%
% Correct
Versa
33.9%
Uprising
32.3%
Uptown
32.3%
Used
31.9%
Ugly
31.4%
Usher
30.1%
Vice
28.6%
Versailles
27.7%
Unicorn
27.3%
Union
27.3%
Vital
26.7%
Visit
26.1%
Verdoux
24.4%
Voyager
24.1%
Upper
24%
Varrick
23.3%
Valhalla
23.3%
Veronique
22.5%
Unhappy
22.5%
Venoms
21.7%
Violet
19.7%
Victory
19.6%
Ultra
18.8%
Valerie
18.6%
Unholy
18.5%
Unfriended
17.6%
Utopia
17.1%
Venus
16.1%
Untamed
15.8%
Victim
14.6%
Voice
14.2%
Urge
8.7%
Unstoppable
8.4%

You're not logged in!

Compare scores with friends on all Sporcle quizzes.
OR
Log In

Sporcle TV

Today on Sporcle TV


Watch our educational content, quiz creation guides, and fun videos on Sporcle TV.

Show Comments

Extras

Top Quizzes Today


Score Distribution

Your Account Isn't Verified!

In order to create a playlist on Sporcle, you need to verify the email address you used during registration. Go to your Sporcle Settings to finish the process.

Report this User

Report this user for behavior that violates our Community Guidelines.

Details: